00993nam a2200265 i 4500001000300000100003100003245007400034246003000108260003700138300002500175490004800200500003500248500010400283650003300387700004400420830003700464020002900501020001500530040000800545041001300553044000800566080001400574008004100588856009800629bg1 aWells, H. G.d(1866-1946).10aWehikuł czasu /cHerbert George Wells ; przekł. Feliks Wermiński.1 iTyt. oryg.:aTime machine a[s.l.] :bMediasat Group,c2005. a123 [2] s. ;c21 cm.1 aBiblioteka Gazety Wyborczej : XIX wiek ;v3 aTyt. oryg.: "The Time Machine" aWyd. we współpr. merytorycznej z Zakładem Narodowym im. Ossolińskich - Wydawnictwo, Wrocław. 9aPowieść angielskay19 w.1 aWermiński, Feliksd(1860-1917).eTł. 0aBiblioteka Gazety Wyborczej ;v3 a8498191645 (całość) a849819167X cBPK1 apolheng aPOL a821.111-3 s pl f |000 0 pol  uhttp://koha.tu.koszalin.pl/cgi-bin/koha/opac-detail.pl?biblionumber=55690yKatalog online BPK